Statistics for Rivers by Satellite

Click here to take the quiz!

General Stats

  • This quiz has been taken 220 times
  • The average score is 7 of 15

Answer Stats

Answer% Correct
Nile
98%
Mississippi
81%
Amazon
71%
Thames
69%
Hudson
65%
Tiber
57%
Saint Lawrence
45%
Congo
43%
Niger
32%
Yangtze
27%
Danube
25%
Amstel
24%
Senegal
18%
Tigris
15%
Volga
14%

Score Distribution

Percentile by Number Answered

Percent of People with Each Score

Your Score History

You have not taken this quiz